000 01532nam a2200241Ia 4500
003 Ost
005 20260507075218.0
008 260507s9999||||xx |||||||||||||| ||und||
040 _cfsecg
041 _aara
082 _a330
100 _aنجم، نجم عبود
_eمؤلف
245 0 _a الادارة و المعرفة الالكترونية :
_bالاستراتيجية -الوظائف -المجالات /
_c نجم عبود نجم
260 _aعمان:
_bدار اليازوري,
_c2009
300 _a608 صفحة؛
_bإيضاحات ؛
_c24 سم
504 _aمراجع :لكل فصل مرجع
520 _aمدخل الى الأعمال الالكترونية و الإقتصاد الالكتروني و الإدارة الإلكترونية و مقولة نهاية الادارة و الوظائف في الادارة الالكترونية من تخطيط و تنظيم و قيادة و رقابة اضافة الى الأنترنيت و الاستراتيجية و ادارة كل من موقع واب و البريد الكتروني والبرمجيات والعمل عن بعد والتسويق الالكتروني و النقد الالكتروني وكذا الشركات الافتراضية و تطورها و المعرفة الالكترونية و الملكية الفكرية في العصر الرقمي.
653 _aالادارة
653 _aالادارة الالكترونية
653 _aالاعمال الالكترونية
653 _aالانترنت
942 _cكتاب
999 _c43506
_d43506